| 000 | 00367nam a2200121 4500 | ||
|---|---|---|---|
| 999 |
_c11357 _d11357 |
||
| 008 | 181117b ||||| |||| 00| 0 eng d | ||
| 100 |
_932616 _aSantos, Tina G. |
||
| 245 |
_aAll systems go for 51 contraceptives/ _cTina G. Santos |
||
| 260 |
_aPhilippines _bPhilippine Daily Inquirer _cc2017 |
||
| 300 | _apage A6. | ||
| 650 | 0 |
_932617 _aBirth control. |
|
| 942 |
_2ddc _cPER |
||